Embriología humana y biología del desarrollo.

Guardat en:
Dades bibliogràfiques
Autor principal: Arteaga Martínez, Sebastián Manuel (autor)
Altres autors: García Peláez, María Isabel (autora)
Format: Llibre
Idioma:espanyol
Publicat: Ciudad de México, México: Médica Panamericana, 2017.
Edició:2a. Edición.
Matèries:
Etiquetes: Afegir etiqueta
Sense etiquetes, Sigues el primer a etiquetar aquest registre!

MARC

LEADER 00000cam a2200000 a 4500
001 UCC2177
003 CL-VaPUC
005 20241121132001.0
008 180114e20170000mx |||||||||||||||||spa|d
999 |c 370430  |d 370428 
020 |a 9786079736842 
040 |c Pontificia Universidad Católica de Valparaíso 
082 0 4 |a 612.646 ART 2017  |2 21 
100 0 |a Arteaga Martínez, Sebastián Manuel  |9 596299  |e autor 
245 1 0 |a Embriología humana y biología del desarrollo. 
250 |a 2a. Edición. 
260 |a Ciudad de México, México:  |b Médica Panamericana,  |c 2017. 
300 |a xxix, 538 páginas. 
583 |c 20231108 
650 0 |a Desarrollo embrionario  |9 343783 
650 0 |a Embriología humana  |9 310846 
650 0 |a Feto  |9 332287 
700 0 |a García Peláez, María Isabel  |9 596300  |e autora 
942 |c BK  |2 ddc 
945 |d 20180114 20:51:00  |a dcastane 
952 |0 0  |1 0  |2 ddc  |3 erb  |4 0  |6 612_646000000000000_ART_2017  |7 0  |8 A  |9 486897  |a BIBCUR  |b BIBCUR  |d 2019-07-18  |e 17  |g 35986.00  |i 5447100  |l 11  |m 2  |o 612.646 ART 2017  |p 5447100  |r 2025-04-22  |s 2024-12-04  |t 1  |v 35986.00  |w 2019-11-24  |y BK  |z Catalogado en:20180114  |k BIO 
952 |0 0  |1 0  |2 ddc  |3 erb  |4 0  |6 612_646000000000000_ART_2017  |7 0  |8 A  |9 486898  |a BIBCUR  |b BIBCUR  |d 2019-07-18  |e 17  |g 35986.00  |i 5447097  |l 9  |m 2  |o 612.646 ART 2017  |p 5447097  |r 2025-04-22  |s 2024-08-21  |t 2  |v 35986.00  |w 2019-11-24  |y BK  |z Catalogado en:20180114  |k BIO 
952 |0 0  |1 0  |2 ddc  |3 erb  |4 0  |6 612_646000000000000_ART_2017  |7 0  |8 A  |9 486899  |a BIBCUR  |b BIBCUR  |d 2019-07-18  |e 17  |g 35986.00  |i 5552370  |l 13  |m 7  |o 612.646 ART 2017  |p 5552370  |r 2025-04-22  |s 2024-08-07  |t 3  |v 35986.00  |w 2019-11-24  |y BK  |z Catalogado en:20190617  |k BIO 
952 |0 0  |1 0  |2 ddc  |3 erb  |4 0  |6 612_646000000000000_ART_2017  |7 0  |8 A  |9 486900  |a BIBCUR  |b BIBCUR  |d 2019-07-18  |e 17  |g 35986.00  |i 5555884  |l 8  |m 4  |o 612.646 ART 2017  |p 5555884  |r 2025-05-08  |s 2025-04-25  |t 4  |v 35986.00  |w 2019-11-24  |y BK  |z Catalogado en:20190719  |k BIO 
952 |0 0  |1 0  |2 ddc  |3 erb  |4 0  |6 612_646000000000000_ART_2017  |7 0  |8 A  |9 486901  |a BIBCUR  |b BIBCUR  |d 2019-07-18  |e 17  |g 35986.00  |i 5555876  |l 17  |m 3  |o 612.646 ART 2017  |p 5555876  |r 2025-04-22  |s 2025-04-07  |t 5  |v 35986.00  |w 2019-11-24  |y BK  |z Catalogado en:20190719  |k BIO 
952 |0 0  |1 0  |2 ddc  |3 erb  |4 0  |6 612_646000000000000_ART_2017  |7 0  |8 A  |9 486902  |a BIBCUR  |b BIBCUR  |d 2019-07-18  |e 17  |g 35986.00  |i 5555868  |l 7  |m 3  |o 612.646 ART 2017  |p 5555868  |r 2025-04-22  |s 2024-08-14  |t 6  |v 35986.00  |w 2019-11-24  |y BK  |z Catalogado en:20190719  |k BIO 
952 |0 0  |1 0  |2 ddc  |3 erb  |4 0  |6 612_646000000000000_ART_2017  |7 0  |8 A  |9 486903  |a BIBCUR  |b BIBCUR  |d 2019-07-18  |e 17  |g 35986.00  |i 555585K  |l 5  |o 612.646 ART 2017  |p 555585K  |r 2025-04-22  |s 2024-08-14  |t 7  |v 35986.00  |w 2019-11-24  |y BK  |z Catalogado en:20190719  |k BIO 
952 |0 0  |1 0  |2 ddc  |3 erb  |4 0  |6 612_646000000000000_ART_2017  |7 0  |8 A  |9 486904  |a BIBCUR  |b BIBCUR  |d 2019-07-18  |e 17  |g 35986.00  |i 5555841  |l 10  |m 1  |o 612.646 ART 2017  |p 5555841  |r 2025-04-22  |s 2024-08-14  |t 8  |v 35986.00  |w 2019-11-24  |y BK  |z Catalogado en:20190719  |k BIO 
952 |0 0  |1 0  |2 ddc  |4 0  |6 612_646000000000000_ART_2017  |7 0  |8 A  |9 592351  |a BIBCUR  |b BIBCUR  |c GEN  |d 2023-11-08  |e 3  |g 53457.50  |i 5659374  |l 3  |m 1  |o 612.646 ART 2017  |p 5659374  |r 2025-04-22  |s 2024-08-14  |t 9  |v 53457.50  |w 2023-11-08  |y BK  |k BIO 
952 |0 0  |1 0  |2 ddc  |4 0  |6 612_646000000000000_ART_2017  |7 0  |8 A  |9 592352  |a BIBCUR  |b BIBCUR  |c GEN  |d 2023-11-08  |e 3  |g 53457.50  |i 5659375  |l 1  |o 612.646 ART 2017  |p 5659375  |r 2025-04-22  |s 2024-07-02  |t 10  |v 53457.50  |w 2023-11-08  |y BK  |k BIO